Cordillera Oriental colombiana, transecto Sumapaz (Registro nro. 7100)

Detalles MARC
000 -CABECERA
Campo de control 00516nam a2200193 a 4500
005 - FECHA Y HORA DE LA ULTIMA TRANSACCION
Campo de control 20180803165426.0
008 - ELEMENTOS DE LONGITUD FIJA—INFORMACION GENERAL
Campo de control 140129b2007 ck ||||| |||| 00| 0 spa d
041 ## - IDIOMA
Código de idioma para texto/pista de sonido o título separado Español
044 ## - PAÍS DE PUBLICACIÓN
País de publicación Colombia
090 ## - CLASIFICACIÓN LOCAL
Colección IAVH
Consecutivo 01031
100 ## - ASIENTO PRINCIPAL--NOMBRE PERSONAL
Nombre personal Hammen, Thomas van der
245 ## - MENCION DE TITULO
Título Cordillera Oriental colombiana, transecto Sumapaz
260 ## - PUBLICACION, DISTRIBUCION, ETC. (PIE DE IMPRENTA)
Lugar de publicación, distribución, etc. Bogotá
Nombre del editor, distribuidor, etc. IGAC
-- ICN
-- IBED
Fecha de publicación, distribución, etc. 2007
300 ## - DESCRIPCION FISICA
Extensión 1009 p.
650 ## - ASIENTO SECUNDARIO DE MATERIA - TERMINO TEMATICO
Término temático o nombre geográfico como elemento de entrada Ecosistemas
662 ## - ASIENTO SECUNDARIO DE MATERIA - JERARQUIA DEL NOMBRE DE LUGAR(
País o entidad mayor Colombia
Jurisdicción política intermedia Transecto Sumapaz
942 ## - ELEMENTOS ADICIONALES (KOHA)
Tipo de ítem CD-ROM
Sistema de clasificación Local
945 ## - PROCESAMIENTO LOCAL
AAAA-MM-DD - Fecha de ingreso o modificacion 2009-09-10
Existencias
Withdrawn status Lost status Sistema de Clasificación Damaged status No para préstamo Colección Ubicación Permanente Ubicación actual Fecha de adquisición Total Checkouts Número topográfico Inventario / Código de Barras Date last seen Ejemplar Price effective from Forma de adquisición Tipo de material Inventariado Fuente de Valor Valor Public note
    Local     General Sala Fabio Quevedo Sala Fabio Quevedo 10/09/2009   IAVH-01031 027498 04/12/2012 Ej. 2 04/12/2012   Libro Inventariado 2017 Instituto 40000.00 Cordillera Oriental colombiana Transecto Sumapaz
    Local     Referencia Villa de Leyva Villa de Leyva 10/09/2009   IAVH-01031 027496 04/12/2012 Ej. 1 04/12/2012   Libro